[Event "Mechanics' Shipman TNM; G/2 d/5"]
[Site "San Francisco"]
[Date "2018.09.11"]
[Round "6.1"]
[White "Winslow, Elliott"]
[Black "Chambers, Ezra"]
[Result "0-1"]
[WhiteElo "2292"]
[BlackElo "2289"]
[Annotator "Winslow, Elliott"]
[PlyCount "74"]
[EventDate "2018.??.??"]
[Source "ChessBase"]
[SourceDate "2007.09.04"]

1. Nf3 g6 2. d4 Bg7 3. e4 d6 4. Nc3 a6 5. a4 Nf6 6. h3 O-O 7. Be3 Nc6 8. Qd2 e5
(8... Re8) 9. d5 Ne7 10. Bh6 (10. g4 c6 11. g5 Nh5 12. dxc6 Nxc6 13. O-O-O Be6
14. Qxd6 Nd4 15. Qb4 b5 16. Nxd4 exd4 17. a5 Rc8 18. Bxd4 Bxd4 19. Rxd4 Qxg5+
20. Kb1 Rfd8 $44 {0-1 Moroz,A-Rakhmangulov,A/Alushta 1999/EXT 2001 (34)}) (10.
Bc4 $146 Bd7 {threatening with b7-b5.} 11. a5 Bb5 $1 {Â1/2-Â1/2 (44) Timofeev,
A (2611)-Tseshkovsky,V (2577) Moscow 2004 CBM 104 [Erenburg,S]}) 10... Bxh6 $2
(10... c6) (10... Bd7) (10... Kh8) 11. Qxh6 c6 12. dxc6 bxc6 13. O-O-O Qc7 14.
h4 $2 (14. Ng5 {(/\Rd3-f3xf6)} Be6 (14... Bb7 15. Bd3 Kh8 16. Qh4 Kg7 17. f4 h6
18. fxe5 dxe5 19. Nf3 Nh5 20. Bc4 $14) 15. h4 $16 Rab8 (15... Kh8 16. h5 Neg8
17. Nxe6 fxe6 18. Qd2) 16. h5 Qb6 17. Bd3) (14. Qd2 $1 d5 15. Qg5) 14... Ng4
15. Qd2 d5 (15... Qb6 16. Qxd6 Rb8 17. b3 Be6 18. Rd2 Nc8 (18... Nxf2 19. Rxf2
Qxf2 20. Nd1 Qa7 21. h5)) (15... Rb8) 16. Bd3 $2 (16. h5) 16... Rb8 (16... f5
17. exd5 cxd5 $17) 17. b3 (17. h5) 17... Qd6 18. Kb2 d4 19. Nb1 h5 20. Na3 Qf6
21. Rdf1 c5 22. Qg5 Qd6 23. Nc4 Qc7 24. Qd2 Nc6 25. Nh2 $2 Nxh2 26. Rxh2 Be6
27. g3 Rb4 28. f4 Bxc4 29. Bxc4 Rxc4 30. bxc4 Rb8+ 31. Kc1 Qb6 32. Kd1 Na5 33.
Qd3 Qb4 34. Ke2 Nxc4 35. fxe5 (35. Rhh1) 35... Nxe5 36. Qd1 Qc3 37. Qd2 d3+ 0-1

[Event "Mechanics' Spring TNM; G/2 d5"]
[Site "San Francisco"]
[Date "2018.04.17"]
[Round "5.2"]
[White "Winslow, Elliott"]
[Black "Cheng, Alfonso"]
[Result "1/2-1/2"]
[WhiteElo "2323"]
[BlackElo "1959"]
[Annotator "Winslow,Elliott"]
[PlyCount "106"]
[EventDate "2018.??.??"]
[Source "ChessBase"]
[SourceDate "2007.09.04"]

1. d4 d5 2. c4 e6 3. Nc3 Nf6 4. Bg5 Be7 5. e3 b6 6. Rc1 Bb7 7. Nf3 O-O 8. Bxf6
Bxf6 9. cxd5 exd5 10. Bd3 Re8 11. O-O g6 12. b4 a6 13. Qb3 c6 14. Rfe1 Bg7 15.
e4 dxe4 16. Bc4 Rf8 17. Nxe4 Bh6 18. Rcd1 Bc8 19. Ne5 Ra7 20. Qg3 Be6 21. Bxe6
fxe6 22. Qh3 Bg7 23. Qxe6+ Kh8 {dgm removed} 24. Nd6 $6 (24. Nxc6 $2 Nxc6 25.
Qxc6 Bxd4 26. Kh1) (24. Qh3 $18 Kg8 25. a3 (25. f4)) (24. Re3 $1 Bf6 25. Qg4
Qe7 26. Nxf6 Qxf6 27. Rf3) 24... Qf6 25. Qxf6 $6 (25. Ng4 Qxe6 26. Rxe6) 25...
Bxf6 26. Ndc4 (26. Nf3) 26... Rb7 $2 (26... a5 27. a3 (27. bxa5 b5) 27... axb4
28. axb4 Ra4 29. Nxb6 Rxb4 30. Nbc4 $16) 27. g3 Kg7 28. f4 Rd8 29. Kf2 $6 (29.
Nf3) 29... Be7 30. a3 a5 31. Rd3 (31. bxa5 b5 32. Ne3 Bxa3 33. Rd3 Bb4 34. Ra1)
31... axb4 32. axb4 Bxb4 33. Rb1 Be7 $2 (33... c5 34. Kg2 (34. Kf3) (34. d5 b5
35. Nc6 $16)) 34. Rxb6 $2 {[#]} (34. Na5 Rc7 35. Rxb6 $18) 34... Rxb6 35. Nxb6
Rxd4 $1 $11 36. Ke2 (36. Rb3 Rb4 37. Rxb4 Bxb4 38. Kf3) (36. Rxd4 Bc5 37. Ke3
Bxb6 38. Ke4 Bxd4 39. Kxd4 Kf6 40. Kc5 Kf5) 36... Rxd3 37. Kxd3 Kf6 38. Ke4 Ke6
39. g4 Bd8 40. Nbc4 Bc7 41. h4 Kf6 (41... Bxe5 42. Nxe5 c5) 42. g5+ Kg7 $6 (
42... Ke6) 43. h5 $6 gxh5 44. Ne3 Na6 45. Nf5+ Kf8 46. Nxc6 $6 (46. Nd7+ Kf7
$11) 46... Nc5+ 47. Kf3 Ne6 48. Ncd4 Nxf4 49. Ng3 Be5 50. Nde2 Nh3 51. Nxh5
Nxg5+ 52. Kg4 h6 53. Kf5 Bd6 1/2-1/2

[Event "Mechanics' Spring TNM; G/2 d5"]
[Site "San Francisco"]
[Date "2018.03.20"]
[Round "1.3"]
[White "Winslow, Elliott"]
[Black "Erickson, Lane Aus"]
[Result "1-0"]
[WhiteElo "2323"]
[BlackElo "1588"]
[Annotator "Winslow"]
[PlyCount "43"]
[EventDate "2018.??.??"]
[Source "ChessBase"]
[SourceDate "2007.09.04"]

1. e4 c5 2. Nf3 Nc6 3. d4 cxd4 4. Nxd4 g6 5. Nc3 Bg7 6. Be3 Nf6 7. Bc4 O-O 8.
Bb3 a5 9. O-O (9. f3 d5) 9... a4 10. Nxa4 Nxe4 11. Nb5 (11. c4 $1 d6 12. Re1 $1
(12. Nb5 Nc5) 12... Nf6 13. Nb5 Be6 14. Bb6 Qd7 15. Nc7 Rac8 16. Nxe6 fxe6 17.
Qe2 $14 {Black's position does not look that great but Houdini thinks White is
only about a half a pawn better.} e5 18. Be3 Qg4 19. f3 {This looks natural but
} Qh5 20. Rad1 e4 $1 {Now Black is fine.} 21. c5+ Kh8 22. fxe4 Ng4 23. h3 Nxe3
24. Qxe3 dxc5 25. Nxc5 Nd4 (25... Bh6 {was an immediate draw.} 26. Qc3+ Bg7 {
if now} 27. e5 Nxe5 (27... Bxe5 $11 28. Qe3 Bf4 29. Qc3+ Be5 $11) 28. Rd5 Qh4
29. Rdxe5 Rf5 $15) ({I thought} 25... Ne5 26. Rd5 {was strong but simply} Qh4)
26. Rxd4 ({Daniel and I thought} 26. Ne6 Nf3+ 27. gxf3 Rxf3 {
was too dangerous for White but in fact} 28. Rc1 Ra8 29. Nxg7 Qxh3 30. Qxf3
Qxf3 31. Ne6 {is just a draw according to Houdini.}) 26... Qxc5 27. Rdd1 Qxe3+
28. Rxe3 Bxb2 29. Re2 Ba3 30. Rc2 Rxc2 {
1/2-1/2 (30) Naroditsky,D-Donaldson,J - Training Game, San Francisco 2012.})
11... Ra6 (11... d5 $1 12. Bb6 (12. c3 {and}) (12. f3 {are also possible.})
12... Qd7 13. Nc7 Rxa4 14. Bxa4 Bxb2 15. Qxd5 Bxa1 16. Rxa1 Nc3 17. Qxd7 Bxd7 {
is fine for Black.}) 12. f3 Nf6 13. c4 d6 14. Qe2 Nd7 (14... Be6) 15. Rfd1 b6
16. Qf2 Na5 17. Rac1 Nb7 $2 {A step in the wrong direction.} (17... Bb7 {
looks natural.}) 18. Nac3 Ndc5 19. Bc2 Bd7 20. b4 Ne6 21. Bb3 Re8 22. Nd5 {
Resignation is not premature. The b-pawn is falling and Black's pieces are
passive.} 1-0

[Event "Mechanics' Shipman TNM; G/2 d/5"]
[Site "San Francisco"]
[Date "2018.08.21"]
[Round "3.1"]
[White "Winslow, Elliott"]
[Black "Kokesh, Tim"]
[Result "1-0"]
[WhiteElo "2292"]
[BlackElo "2015"]
[Annotator "Winslow,Elliott"]
[PlyCount "63"]
[EventDate "2018.??.??"]
[Source "ChessBase"]
[SourceDate "2007.09.04"]

1. Nf3 c5 2. c4 Nf6 3. Nc3 e6 4. d4 cxd4 5. Nxd4 a6 (5... Nc6) (5... Bb4) 6. g3
(6. e4 {
TP Kan Sicilian 5.c4. There was a World Championship game Carlsen-Anand.} Bb4 (
6... Qc7 7. a3 Nxe4 $5 (7... b6 {Hedgehog}) 8. Nxe4 (8. Nxe6 $5 dxe6 9. Nxe4)
8... Qe5 9. Bd3 Qxd4 $13) 7. Qd3 Nc6 $6 (7... d5) 8. Nxc6 dxc6 9. Qxd8+ Kxd8
10. e5 {1-0 40, Carlsen - Anand, Sochi Wch (6)}) (6. a3 $6) 6... Qc7 (6... d5)
(6... d6) (6... Nc6) 7. Bg2 d6 (7... Qxc4 8. O-O (8. Bf4) (8. Bg5) (8. Be3 {
all less popular but score better})) 8. O-O Be7 9. Qd3 (9. Be3) (9. Bg5) 9...
O-O (9... Nbd7) 10. b3 Bd7 11. Bb2 (11. Ba3 $5) 11... Nc6 12. Rac1 Rac8 $146 (
12... Ne5 13. Qd2 Rac8 (13... Rfd8)) (12... Nxd4 13. Qxd4 Rac8 (13... Rfd8))
13. e3 Qb8 14. Rfd1 Rfd8 15. h3 (15. Ne4) 15... Be8 (15... Nxd4 16. Qxd4 b5 $11
) 16. Nc2 $6 (16. Ne4) 16... b5 17. cxb5 Ne5 18. Qe2 axb5 19. f4 $6 Ng6 $6 (
19... b4 $1 $15) 20. Nd4 b4 21. Na4 $6 (21. Ne4) 21... d5 22. Qa6 (22. Rxc8
Rxc8 23. Rd2) 22... Qa8 (22... Ne4 $17 23. Bxe4 dxe4 24. h4 Bf8) 23. Bf1 $6 (
23. Qxa8 Rxc1 24. Rxc1 Rxa8 25. f5 $11) 23... Ne4 24. g4 $2 (24. Kg2 $15) 24...
Bc5 $4 (24... Bh4 $17) 25. Qxa8 Bxd4 $6 (25... Rxa8 26. Nxc5 $18) 26. Rxc8
Bxe3+ 27. Kh1 Ng3+ 28. Kg2 Bxf4 29. Rxd8 Nh4+ 30. Kf2 (30. Kg1 {
[%eval 32744,0] Stockfish 9 64 0:} Be3+ 31. Kh2 h6 32. Rxe8+ Kh7 33. Kxg3 d4
34. Rxd4 Ng6 35. Bd3 f5 36. gxf5 Bf4+ 37. Rxf4 h5 38. fxg6+ Kh6 39. Rh8+ Kg5
40. h4# {[%eval 32748,36]}) 30... Ne4+ 31. Ke2 Ng3+ 32. Kd3 1-0

[Event "Mechanics' Shipman TNM; G/2 d/5"]
[Site "San Francisco"]
[Date "2018.08.07"]
[Round "1.1"]
[White "Winslow, Elliott"]
[Black "Lilles, Alex"]
[Result "1-0"]
[WhiteElo "2292"]
[BlackElo "1619"]
[Annotator "Winslow"]
[PlyCount "61"]
[EventDate "2018.??.??"]
[Source "ChessBase"]
[SourceDate "2007.09.04"]

1. d4 d5 2. c4 c6 3. Nf3 Nf6 4. Nc3 e6 5. e3 Nbd7 6. Bd3 Bd6 7. O-O O-O 8. e4
dxe4 (8... dxc4 9. Bxc4 e5 (9... b5)) 9. Nxe4 Nxe4 10. Bxe4 Nf6 (10... h6) 11.
Bc2 {In practice this is trouble for Black. So often the queenside is comatose.
} Re8 (11... h6) 12. Qd3 g6 (12... h6) 13. Bg5 (13. Re1) (13. Rd1) 13... Be7
14. Rad1 (14. Ne5) (14. Rfe1) 14... Nd7 (14... Nh5) (14... Ng4) 15. h4 Bxg5 $6
(15... b5) (15... a5) 16. hxg5 Qc7 (16... e5 17. dxe5 Qa5 18. Qd4) 17. Rfe1 Nb6
18. Ne5 $6 (18. Nd2 $1) 18... Qe7 19. f4 (19. Qd2) (19. Qe3) 19... Nd7 (19...
f5) 20. Ng4 Qd6 $6 21. Qg3 (21. Qc3 $1 Qxf4 22. Nh6+ Kg7 23. Rf1 Qxg5 24. Nxf7)
21... Rf8 22. Qh4 f5 23. c5 (23. gxf6) 23... Qe7 {Diagram [#]} 24. Rxe6 Qxe6
25. Bb3 Qxb3 26. Nh6+ Kg7 27. axb3 b6 28. Re1 bxc5 29. Re7+ Kh8 30. Nf7+ {
Everything's #7:} (30. Qe1) (30. Ng8) (30. Ng4) 30... Kg8 31. Ne5 {Now about th
ose queenside pieces... 1-0 (31) Winslow,E (2292)-Lilles,A (1619) San
Francisco 2018 [Winslow,Elliott]} (31. Nd6 $1) (31. Nd8 $1) 1-0

[Event "Mechanics' Spring TNM; G/2 d5"]
[Site "San Francisco"]
[Date "2018.05.01"]
[Round "7.2"]
[White "Winslow, Elliott"]
[Black "O'Connor, Derek"]
[Result "1/2-1/2"]
[WhiteElo "2323"]
[BlackElo "2305"]
[Annotator "Winslow,Elliott"]
[PlyCount "71"]
[EventDate "2018.??.??"]
[Source "ChessBase"]
[SourceDate "2007.09.04"]

1. d4 Nf6 2. c4 e6 3. Nc3 Bb4 4. Nf3 c5 5. e3 O-O 6. Bd3 Nc6 7. O-O Bxc3 8.
bxc3 d6 9. Qc2 e5 10. Ng5 h6 11. Nh7 Nxh7 12. Bxh7+ Kh8 13. Be4 Qc7 14. f4 f5
15. fxe5 dxe5 16. Ba3 (16. Bd5 Ne7 (16... e4 17. Bxe4) 17. Ba3 cxd4 18. exd4
Nxd5 19. cxd5 Re8 20. c4 exd4 21. Bb2 Qc5 22. Qd3 b5 23. cxb5 Qxd5 24. Qxd4
Qxd4+ 25. Bxd4 $14) 16... Rd8 17. Bxc6 (17. Bxf5 Bxf5 18. Qxf5 cxd4 19. cxd4
exd4 20. Bb2 dxe3 21. Qf7 Qxf7 22. Rxf7 Nd4 23. Re1 Nc2 24. Rxg7 Nxe1 25. Rg6+
$11) 17... Qxc6 18. Bxc5 Be6 (18... b6) 19. Be7 (19. Rxf5 $2) 19... Re8 20. d5
Qxc4 21. d6 (21. dxe6 Rxe7 22. Rxf5 $11) 21... Bd7 22. h3 Qc5 23. Qb3 Qxe3+ 24.
Kh2 Qb6 25. Qf7 e4 (25... f4 26. Rae1 Qc5) 26. Rf4 Rg8 (26... Qc5) 27. Raf1 $16
(27. Rh4 Qe3 (27... Kh7 28. Rf1 (28. Rd1 Qe3 (28... Be8 29. Rxh6+ Kxh6 30. Qxg8
Qc5 31. Qe6+ Kh7 32. d7 Qc7+ 33. Kh1) 29. Rf1) 28... Rae8 29. Rxf5 Bxf5 30.
Qxf5+ Kh8 (30... g6 31. Qf7+ Rg7 32. Qxe8) 31. Qe5 Qe3 32. d7) 28. Rf1 Rae8 29.
Qg6 (29. c4 $1 b6 30. Rff4) 29... Rgf8 30. Bg5 Re6 31. Qxe6 Qxg5 32. Qxd7 Qxh4
33. Rxf5 Qd8 34. Qc7) 27... Rae8 28. Rh4 $2 (28. Rxf5 Bxf5 29. Rxf5 Qc6 30. Re5
Rd8 31. Bxd8 Rxd8 32. Re6 e3 33. Rxh6+ gxh6 34. Qf6+ Kh7 35. Qxd8 e2 36. Qe7+
Kg6 37. Qe6+ Kh7 38. Qxe2 Qxd6+ 39. g3 $16) 28... Rxe7 29. Qxe7 (29. dxe7)
29... Qc6 30. Rff4 Re8 31. Rxh6+ gxh6 32. Qf6+ Kg8 33. Qg6+ Kf8 34. Qf6+ Kg8
35. Qg6+ Kf8 36. Qf6+ 1/2-1/2

[Event "Mechanics' Summer TNM; G/2 d/5"]
[Site "San Francisco"]
[Date "2018.06.19"]
[Round "4.2"]
[White "Winslow, Elliott C"]
[Black "Askin, David Benjamin"]
[Result "1-0"]
[WhiteElo "2299"]
[BlackElo "1960"]
[Annotator "Winslow,Elliott"]
[PlyCount "65"]
[EventDate "2018.??.??"]
[Source "ChessBase"]
[SourceDate "2007.09.04"]

1. d4 Nf6 2. c4 e6 3. Nc3 Bb4 4. e3 b6 5. Nge2 Ne4 6. Qc2 (6. Bd2) 6... Bb7 7.
a3 Bxc3+ 8. Nxc3 f5 (8... Nxc3 9. Qxc3) 9. Nd1 $5 $146 (9. b3) (9. d5) (9. b4)
(9. Nxe4) 9... O-O (9... c5 10. f3 Qh4+ 11. Nf2 Nxf2 12. Qxf2 Qf6 13. Bd2 $14)
10. f3 Nf6 (10... Qh4+ 11. Nf2 Nxf2 12. Qxf2 Qf6 $14) 11. Bd3 (11. Be2) (11.
Bd2) (11. b4) 11... d6 12. b3 Nbd7 13. Nf2 c5 14. Bb2 Rc8 15. d5 exd5 (15...
Qe7) (15... Qe8) 16. Bxf5 Qe7 17. O-O Rce8 18. Rae1 (18. Rfe1) 18... Ne5 19.
cxd5 Bxd5 20. e4 Be6 21. f4 (21. Nh3 $1) 21... Neg4 $2 (21... Nc6) (21... Nf7)
22. e5 $6 (22. Bxg4 Nxg4 23. Nxg4 Bxg4 24. f5 $18) 22... Bxf5 23. Qxf5 Nh6 24.
Qd3 dxe5 25. Bxe5 $2 (25. fxe5 Nfg4 26. Nxg4 Rxf1+ 27. Qxf1 Nxg4 28. h3 $16)
25... Nhg4 $2 (25... Qe6 26. h3 Nf7) 26. Nxg4 $2 (26. Bxf6 Qxe1 27. Nxg4 Qe2
28. Nh6+ gxh6 29. Qg3+ Kf7 30. Qg7+ Ke6 31. Be5 Rd8 32. Qxh6+ Ke7 33. Qxh7+)
26... Nxg4 27. Bc3 Qh4 $2 (27... Qf7) 28. h3 Nf6 29. Qc4+ Kh8 30. Rxe8 Rxe8 31.
Qf7 Qh5 32. Qxa7 Ne4 $4 33. Qxg7# 1-0

[Event "Mechanics' Summer TNM G/2 d5"]
[Site "San Francisco"]
[Date "2018.06.05"]
[Round "2.2"]
[White "Winslow, Elliott C"]
[Black "Boldi, Ethan"]
[Result "1-0"]
[WhiteElo "2300"]
[BlackElo "1973"]
[Annotator "Winslow,E"]
[PlyCount "134"]
[EventDate "2018.05.29"]
[EventType "swiss"]
[EventRounds "8"]
[EventCountry "USA"]
[Source "ChessBase"]
[SourceDate "2007.09.04"]

1. d4 e6 2. c4 d5 3. Nc3 Nf6 4. cxd5 Nxd5 5. e4 Nxc3 6. bxc3 c5 7. Nf3 cxd4 8.
cxd4 Be7 $6 (8... Bb4+ {
is popular and lively on the super-GM circuit, especially by Kramnik.} 9. Bd2
Bxd2+ 10. Qxd2 O-O 11. Bc4 Nd7 {The big move nowadays.} (11... Nc6 {
The "classic" move} 12. O-O b6 13. Rad1 Bb7 14. Rfe1 Na5 (14... Rc8 15. d5 Na5
16. Bd3) 15. Bd3 Rc8 16. d5 $1 exd5 (16... Qe7 $5) 17. e5 $1 Nc4 18. Qf4 Nb2 $2
19. Bxh7+ $1 {1-0 (37) Polugaevsky,L-Tal,M Moscow 1969}) 12. O-O b6 {
and here White has played pretty much everything, especially rookwise.}) (8...
Nc6 9. Bc4 b5 $5 {Spassky-Fischer, 1972}) 9. Bc4 O-O 10. O-O Qc7 $6 {The second
time in four days that someone has moved their queen, only to find it going
back to d8 in a few moves. (Not good)} 11. Qe2 (11. Qc2 Nd7 12. Bb2 b6 13. Rac1
Qb8 14. Rfd1 Bb7 15. d5 exd5 16. exd5 Bd6 17. Bb5 Nc5 18. Qd2 Rd8 19. Qg5 Bf8
20. Be5 Qc8 21. d6 Bc6 22. Bxc6 Qxc6 23. Nd4 Qe4 24. Nf5 Ne6 25. Nh6+ {
1-0 (25) Neininger,R-Zipf,S Wuerzburg 1989}) 11... a6 12. Be3 {
Stockfish makes them about neck and neck.} ({I had intended} 12. a4 {
and picked up the wrong bit.}) 12... b5 13. Bd3 (13. Bb3) 13... Bb7 14. Rac1
Qd8 15. Rfd1 Nd7 (15... Nc6) 16. Bf4 Rc8 17. Rxc8 Qxc8 $2 (17... Bxc8 $14) 18.
Rc1 Qd8 19. Rc7 Ba8 20. Qc2 h6 21. a4 ({I looked at} 21. Ra7 {
and don't remember why I rejected it.}) 21... Nf6 22. d5 $6 (22. axb5 axb5 23.
Ra7 $14 {Stockfish}) 22... exd5 $2 (22... Bxd5 $5 23. axb5 axb5 24. Rxe7 Bxe4
25. Bxe4 Qxe7 26. Bd3 Nd5) 23. e5 Ne4 24. axb5 axb5 25. Bxb5 (25. Nd4 $1) 25...
Bb4 $6 (25... d4 26. Rd7 Qb6 27. Nxd4 Bc5 28. Qc4 Bxd4 29. Rxd4 Nc3 $1 30. Qxc3
$8 Qxb5 $14) 26. e6 $1 Qf6 27. exf7+ (27. e7 $2 Bxe7 28. Be5 Qe6 29. Bd7 Qa6 {
is worse than nowhere}) 27... Rxf7 28. Be5 (28. Rc8+ Rf8 29. Be5 Qb6 30. Bd3
Bc5 31. Rc7 Rf7 32. Qa4 Rxc7 33. Qxa8+ Kh7 34. Bxc7 Qxc7 35. Qxd5 {
is a rather amazing computer line} Bxf2+ 36. Kf1 Qc1+ 37. Ke2 Qb2+ 38. Kd1 Qa1+
39. Kc2 Qc3+ 40. Kb1 Qb4+ 41. Ka2 Qa4+ 42. Kb2 Qb4+ 43. Qb3) 28... Rxc7 29.
Qxc7 Qe7 $2 (29... Bd6 30. Qa7 Qf8 31. Bxg7 Bc5 32. Bxf8 Bxa7 33. Bxh6 Bxf2+
34. Kf1 {might draw, but it's problematic}) 30. Bd7 $2 (30. Qc8+ Qf8 31. Be8
$18) 30... Nc5 $2 (30... Bd6 31. Bxd6 Nxd6 (31... Qxd6 $2 32. Qc8+ Kh7 33. Be6
Nf6 34. Nh4 $18)) 31. Qb8+ Kf7 (31... Qf8 32. Be8 $18) 32. Bg4 Nd3 33. Qxa8 $2
(33. Bd4 $18) 33... Nxe5 34. Qxd5+ Kf6 35. Qd4 g5 $1 36. h4 Bd6 $6 {
The continuation I was expecting, but the bind remains.} (36... Bc5 37. hxg5+
hxg5 38. Qa1 {is still annoying but who knows...}) 37. Nd2 Qc7 38. hxg5+ hxg5
39. Ne4+ Ke7 40. Bd1 $18 Qd7 41. Qe3 Qf5 42. Qxg5+ $6 {
Given my time shortage I opted for a "quieter" win...} Qxg5 43. Nxg5 Bb8 44.
Ne4 (44. g3 Kf6 45. Nh3 {when f2-f4 doesn't allow a piece sacrifice}) 44... Ke6
45. Kf1 Kf5 46. Bc2 Ke6 47. Ke2 Ba7 48. g3 Nc6 49. Ba4 Nd4+ 50. Kd3 Nf5 51.
Bb3+ Ke7 52. f3 $6 Kf8 (52... Bb8 $1 53. g4 Nh4) 53. g4 Ne7 54. Nd6 Bb8 55. Nb5
Ng6 56. Ke4 Kg7 57. Nd4 Kf6 (57... Nf4 58. Kf5 Ba7 59. Kxf4 Bxd4 {
is +2 on Stockfish, but actually a draw (Tablebase)}) 58. Ne6 Ne5 59. g5+ Ke7
60. f4 Nd7 61. f5 Nf6+ $5 {Not the greatest inspiration} 62. gxf6+ Kxf6 63. Nf4
Ba7 64. Nd5+ Kg7 65. Ke5 Bc5 66. Ke6 Bd4 67. f6+ Bxf6 {
and White eventually remembered how to win KBNvK} 1-0

[Event "Mechanics' Bedjanian TNM; G/2 d/5"]
[Site "San Francisco"]
[Date "2018.11.27"]
[Round "6.10"]
[White "Winslow, Elliott C"]
[Black "Colquhoun, Jeremy"]
[Result "1-0"]
[WhiteElo "2308"]
[BlackElo "891"]
[PlyCount "47"]
[EventDate "2018.??.??"]
[Source "ChessBase"]
[SourceDate "2007.09.04"]

1. d4 f5 2. Nf3 d6 3. Bf4 Nf6 4. e3 Nc6 5. h3 Nd5 6. Bh2 g6 7. c4 Nf6 8. d5 Nb4
$4 9. Qa4+ Bd7 10. Qxb4 b6 11. Nc3 c5 12. Qb3 a5 13. Bd3 a4 14. Qc2 Bg7 15. O-O
O-O 16. Rab1 a3 17. b3 Ne4 18. Nxe4 fxe4 19. Bxe4 b5 20. Ng5 Bf5 21. Bxf5 Rxf5
22. f4 Bf6 23. Ne6 Qd7 24. g4 1-0

[Event "Mechanics' Winter TNM; G/2 d5"]
[Site "San Francisco"]
[Date "2018.01.23"]
[Round "3.1"]
[White "Winslow, Elliott C"]
[Black "Gaffagan, Steven"]
[Result "1-0"]
[WhiteElo "2311"]
[BlackElo "2089"]
[Annotator "Winslow,E"]
[PlyCount "100"]
[EventDate "2018.??.??"]
[Source "ChessBase"]
[SourceDate "2007.09.04"]

1. d4 Nf6 2. c4 e6 3. Nc3 Bb4 4. Nf3 d5 5. e3 (5. Qa4+) (5. cxd5) (5. Bg5) 5...
O-O 6. Bd3 b6 (6... c5) 7. O-O Bb7 8. cxd5 exd5 9. a3 Bd6 10. b4 a5 $6 (10...
a6 11. Qb3 Qe7 12. Rb1) 11. b5 Nbd7 (11... Ne4) 12. Qb3 Qe7 13. a4 Rfe8 (13...
Rac8 14. Ba3 g6 15. Rfc1 (15. Bxd6 Qxd6 16. Rac1 Kg7 17. Rc2 Ne4 18. Rfc1 f5
19. Ne2 h6 20. Qb2 Rfe8 21. Ne5 Nxe5 22. dxe5 Qe7 23. Bxe4 dxe4 24. e6+ Kg8 25.
Nf4 Qg7 26. Qxg7+ Kxg7 27. Rxc7+ Kf6 28. Rf7+ Ke5 29. Rd1 Ba8 30. Nxg6+ Kxe6
31. Rh7 Red8 32. Nf4+ Ke5 33. Re7+ Kf6 34. Re6+ Kf7 35. Ra1 Rc4 36. h4 Rc2 37.
Rxb6 Rdd2 38. Rf1 Bd5 39. Nxd5 Rxd5 40. Ra6 f4 41. exf4 e3 42. fxe3 Rdd2 43.
Kh2 Rxg2+ 44. Kh3 h5 45. Rh6 Rge2 46. Rg1 Rxe3+ 47. Rg3 Rxg3+ 48. Kxg3 Rc3+ 49.
Kg2 Rc4 50. Rxh5 Rxa4 51. b6 Rb4 52. Rxa5 Rxb6 53. Kf3 Rb1 54. Ra6 Rh1 55. Kg4
Kg7 56. h5 Rg1+ 57. Kf5 Rh1 58. h6+ Kh7 59. Ra7+ Kh8 60. Kg6 Rg1+ 61. Kf6 Rh1
62. Ra8+ Kh7 63. f5 Rb1 64. Ra7+ Kh8 65. Kf7 Re1 66. f6 Re2 67. Re7 Ra2 68. Kf8
Ra8+ 69. Re8 Ra7 70. f7 Kh7 71. Re6 Rb7 72. Ke8 Rb8+ 73. Ke7 Rb7+ 74. Kf6 Rb8
75. Re8 Rb6+ 76. Ke5 Rb5+ 77. Kd6 Rb6+ 78. Kc5 {
1-0 (79) Davicce Canada,J (2097)-Gemy Vargas,J (2316) Madrid 2011}) 15... Rfd8
16. Ra2 c5 17. bxc6 Rxc6 18. Bxd6 Qxd6 19. Rac2 Rdc8 20. Nb5 Qb8 21. Rxc6 Rxc6
22. Rxc6 Bxc6 23. h3 Kg7 24. Qc2 Bxb5 25. Bxb5 Nf8 26. Ne5 Ne6 27. Bc6 Nd8 28.
Bb5 Ne6 29. Qb3 Nd8 30. f3 Qd6 31. Kf2 Ng8 32. Be2 Ne7 33. Qb5 f6 34. Qd7 Nf7
35. Qxd6 Nxd6 36. Nd3 Kf7 37. Bd1 g5 38. Bb3 Ke8 39. Ke2 Kd7 40. Nf2 Ndf5 41.
Nd1 Kc6 42. Nc3 h5 43. g4 hxg4 44. hxg4 Nd6 45. Kd3 Ne8 46. e4 Nc7 47. Bxd5+
Nexd5 48. Nxd5 Nxd5 49. exd5+ Kxd5 50. Kc3 Ke6 51. Kc4 f5 52. d5+ Ke5 53. gxf5
{1-0 (53) Georgiev,V (2559)-Vezzosi,P (2355) Bergamo 2011}) (13... Rfd8 14. h3
Nf8 15. Ba3 g6) 14. Ba3 Rac8 (14... Bxa3 15. Qxa3 g6 16. Qxe7 Rxe7 17. Rfc1 Rc8
18. Rc2 Kf8 19. Rac1 Ke8 20. Ne2 Kd8 21. Nf4 Ne4 22. h4 h6 23. g4 g5 24. hxg5
hxg5 25. Nh5 f6 26. Kg2 Nf8 27. Nd2 Ng6 28. Bxe4 dxe4 29. Nxf6 Re6 30. Nh7 Nh8
31. Nxg5 Rg6 32. Rh1 Rxg5 33. Rxh8+ Kd7 34. Rh7+ Kd6 35. Nc4+ Ke6 36. Ne5 Bd5
37. Kg3 Rgg8 38. Rc1 Rh8 39. Rxh8 Rxh8 40. Ng6 Rc8 41. Nf4+ {
1-0 (41) Gligoric,S (2515)-Delaune, R (2405) Saint John 1988} (41. Nf4+ Kd6 42.
Nxd5 Kxd5 43. g5 Rg8 44. Kg4 Rc8 45. g6 (45. Rc6))) 15. Rfc1 (15. Bxd6 cxd6 16.
Rac1 Rc7 17. Ne2 Rec8 18. Rxc7 Rxc7 19. Rc1 Nf8 20. Nd2 Bc8 21. Rxc7 Qxc7 22.
Qc3 Qxc3 23. Nxc3 Be6 24. f3 Ng6 25. Kf2 Kf8 26. Nb3 Ne7 27. Nc1 h6 28. h4 g5
29. hxg5 hxg5 30. N1e2 Ke8 31. g4 Nd7 32. Ng3 f6 33. Nf5 Nxf5 34. gxf5 Bf7 35.
Bc2 Kf8 36. Bb3 Kg7 37. Bxd5 Bxd5 38. Nxd5 Kf7 39. Ke2 Kg7 40. Nc3 Kf7 41. Kd3
Ke8 42. Ke4 Nf8 43. Kd5 Kd7 44. Ne4 Nh7 45. Nxd6 Nf8 46. Nc4 Kc7 47. e4 {
1-0 (47) Jepson,C (2391)-Johansson,L (2312) Malmo 2012}) 15... g6 16. h3 Kg7
17. Nd2 Nf8 18. Be2 Rcd8 19. Bxd6 Rxd6 20. Bf3 Ne6 21. Rc2 Ng5 22. Rac1 Rd7 23.
Ne2 Ne6 24. g3 h5 25. Bg2 g5 26. Nf3 Rdd8 27. h4 Ne4 28. hxg5 N4xg5 29. Nf4
Nxf4 30. exf4 Nxf3+ 31. Qxf3 Rh8 32. Rxc7 Rd7 33. Qc3 Rhd8 34. Bh3 Rxc7 35.
Qxc7 Qxc7 36. Rxc7 Ba8 37. Be6 (37. Rc6 Rb8 38. Rd6) 37... Rf8 38. Kg2 Kf6 39.
Bc8 Re8 40. Kh3 Rh8 41. Kh4 Kg6 42. Bd7 Rd8 43. Ra7 f5 44. Bc6 Bxc6 45. bxc6
Rd6 46. c7 Rc6 47. Rb7 Rc1 48. Rxb6+ Kf7 49. Kg5 (49. Rd6) (49. Rh6) (49. Rh6
Kg7 50. Rd6 Rxc7 51. Rxd5) 49... Rxc7 50. Kxf5 Rc4 $138 {Black lost on time}
1-0